Reliability characteristics of parallel systems with simultaneous working of cold-standby non-identical units (Record no. 10352)

MARC details
000 -LEADER
fixed length control field 00410nam a2200145Ia 4500
008 - FIXED-LENGTH DATA ELEMENTS--GENERAL INFORMATION
fixed length control field 230917s9999||||xx |||||||||||||| ||und||
040 ## - CATALOGING SOURCE
-- 5012638
Original cataloging agency VIVEKANANDA LIBRARY
041 ## - Language
-- English
082 ## - DDC NUMBER
Classification number 519.287 R188R
100 ## - MAIN ENTRY--PERSONAL NAME
Personal name Rathi, Puran
245 #0 - TITLE STATEMENT
Title Reliability characteristics of parallel systems with simultaneous working of cold-standby non-identical units
260 ## - PUBLICATION, DISTRIBUTION, ETC. (IMPRINT)
Date of publication, distribution, etc 2023
300 ## - PHYSICAL DESCRIPTION
Pages 127 p.
942 ## - ADDED ENTRY ELEMENTS (KOHA)
Koha item type Books
Holdings
Withdrawn status Lost status Damaged status Not for loan Location (home branch) Sublocation or collection (holding branch) Date acquired Koha issues (times borrowed) Koha full call number Accession No. Koha date last seen Koha item type
        VIVEKANANDA LIBRARY VIVEKANANDA LIBRARY 23/06/2023   519.287 R188R 410196 17/09/2023 Books
© Designed and Maintained by Vivekananda Library, MDU Rohtak